Central Library OPAC University of Rajshahi

An approach to sanity : (Record no. 42430)

MARC details
000 -LEADER
fixed length control field 00699nam a2200217 a 4500
001 - CONTROL NUMBER
control field 42430
003 - CONTROL NUMBER IDENTIFIER
rucl marc code BD-RjUL
005 - DATE AND TIME OF LATEST TRANSACTION
control field 20211209053536.0
008 - FIXED-LENGTH DATA ELEMENTS--GENERAL INFORMATION
fixed length control field 790308s1959 ohu 000 0 eng
035 ## - SYSTEM CONTROL NUMBER
System control number (BD-RjUL)42548
040 ## - CATALOGING SOURCE
Original cataloging agency DLC
Transcribing agency MeLB
Modifying agency BD-RjUL
Language of cataloging eng
041 ## - LANGUAGE CODE
Language code of text/sound track or separate title eng
082 ## - DEWEY DECIMAL CLASSIFICATION NUMBER
Classification number 327
Edition number 23
Author mark and year MOA 1959
100 2# - MAIN ENTRY--PERSONAL NAME
Personal name Montgomery of Alamein, Bernard Law Montgomery.
9 (RLIN) 130511
245 13 - TITLE STATEMENT
Title An approach to sanity :
Remainder of title a study of East-West relations /
Statement of responsibility, etc. by Field-Marshal the Viscount Montgomery of Alamein.
250 ## - EDITION STATEMENT
Edition statement [1st American ed.]
260 ## - PUBLICATION, DISTRIBUTION, ETC. (IMPRINT)
Place of publication, distribution, etc. Cleveland,
Name of publisher, distributor, etc. World Pub. Co.
Date of publication, distribution, etc. [1960, c1959]
300 ## - PHYSICAL DESCRIPTION
Pagination 94 p. ;
Size 22 cm.
650 #0 - SUBJECT ADDED ENTRY--TOPICAL TERM
Topical term or geographic name as entry element World politics
Chronological subdivision 1955-1965.
9 (RLIN) 128699
942 ## - ADDED ENTRY ELEMENTS (KOHA)
Source of classification or shelving scheme Dewey Decimal Classification
Koha item type Books
Holdings
Lost status Source of classification or shelving scheme Damaged status Not for loan Collection code Permanent Location Current Location Shelving location Date acquired Source of acquisition Cost, normal purchase price Total Checkouts Full call number Date last seen Copy number Koha item type
  Dewey Decimal Classification   Not For Loan Non-fiction Central Library, University of Rajshahi Central Library, University of Rajshahi Reading Room 26/10/1962 Zeitlinger 8.60   327 MOA 1959 12/06/2016 C-1 Books